Top 50 Cities of Europe by Population - Statistics

General Stats
  • This quiz has been taken 98 times
  • The average score is 35 of 50
Answer Stats
Population Country Answer % Correct
1.6M Spain Barcelona
100%
3.4M Germany Berlin
100%
7.5M United Kingdom London
100%
3.2M Spain Madrid
100%
10.3M Russia Moscow
100%
2.3M Italy Rome
100%
1.6M Austria Vienna
100%
1.7M Poland Warsaw
100%
1.7M Hungary Budapest
99%
2.7M Ukraine Kyiv
99%
2.1M France Paris
99%
5M Russia St Petersburg
99%
1.1M Czech Republic Prague
98%
1.5M Sweden Stockholm
98%
1.2M Germany Munich
96%
1.8M Romania Bucharest
95%
1.1M Denmark Copenhagen
94%
1M Belgium Brussels
93%
1.2M Italy Milan
93%
1M Ireland Dublin
92%
1.7M Germany Hamburg
92%
1.1M Bulgaria Sofia
89%
984k United Kingdom Birmingham
87%
1.7M Belarus Minsk
87%
864k United Kingdom Liverpool
85%
1.2M Serbia Belgrade
80%
794k France Marseille
75%
970k Italy Turin
75%
814k Spain Valencia
75%
1M Ukraine Odessa
71%
959k Italy Naples/Napoli
63%
1.4M Ukraine Kharkiv
60%
1M Ukraine Donetsk
56%
1.1M Russia Kazan
50%
1M Ukraine Dnipro
49%
1.3M Russia Yekaterinburg
46%
963k Germany Koln/Cologne/Koeln
45%
1M Russia Volgograd
45%
1.1M Russia Samara
38%
1M Russia Ufa
38%
1.4M Russia Novosibirsk
36%
1.1M Russia Omsk
35%
1M Russia Rostov-on-Don
33%
1.2M Russia Nizhny Novgorod
32%
982k Russia Perm
32%
1M Russia Chelyabinsk
25%
863k Russia Saratov
25%
927k Russia Krasnoyarsk
20%
848k Russia Voronezh
20%
796k Ukraine Zaporizhia
17%
No matching quizzes found
Score Distribution
Percent of People with Each Score
Percentile by Number Answered
Your Score History
You have not taken this quiz